00491nam a2200145Ia 4500008004100000245007900041260003500120260000900155300001000164650001800174650001500192856004600207999001900253952007300272170221s9999 xx 000 0 und d aCommunication Needs of Hispanic Patients: Sudden Speechlessness Simulation bThe Open Communication Journal c2016 a5 : 1 xCommunication xMedia Arts uhttps://benthamopen.com/TOCOMMJ/VOLUME/6/ c313006d313006 001040aCLbCLd2017-02-21l0r2017-02-21 00:00:00w2017-02-21yFOJ